Personnages des Persona - Statistiques

Statistiques générales
  • Ce quiz a été pris 143 fois
  • Le résultat moyen est 23 sur 28
Statistiques - réponses
Hint Réponse % Correct
P3 Makoto Yuki
97%
P5 Ren Amamiya / Joker
97%
P4 Yu Narukami
97%
P5 Makoto Niijima
95%
P5 Ann Takamaki
92%
P5 Morgana
91%
P5 Ryuji Sakamoto
90%
P5 Yusuke Kitagawa
90%
P5 Futaba Sakura
89%
P5 Goro Akechi
86%
P4 Chie Satonaka
85%
P5 Haru Okumura
85%
P3 Junpei Iori
80%
P5 Kasumi/Sumire Yoshizawa
79%
P4 Yosuke Hanamura
79%
P3 Mitsuru Kirijo
78%
P3 Ken Amada
76%
P3 Yukari Takeba
76%
P3 Aigis
74%
P3 Akihiko Sanada
72%
P4 Teddie
72%
P4 Rise Kujikawa
71%
P4 Yukiko Amagi
71%
P3 Fuuka Yamagashi
70%
P3 Koromaru
67%
P4 Kanji Tatsumi
66%
P4 Naoto Shirogane
64%
P3 Shinjiro Aragaki
61%
Aucun quiz correspondant
Distribution des résultats
% des personnes avec chaque résultat
Percentile par nombre de réponses
Votre historique - résultats
Vous n’avez pas pris ce quiz